| 000 | 00389cam a2200157ua 4500 | ||
|---|---|---|---|
| 041 |
_aeng _h |
||
| 082 |
_a621.3 _bCHA/BA |
||
| 100 | _aChapman, Major J M . | ||
| 245 |
_aBasic electricity / _cMajor J M Chapman. _hTextual Documents |
||
| 250 |
_a1 / _b. |
||
| 260 |
_aMumbai : _bAsia Publishing House , _c1967. |
||
| 300 | _a545 ; . | ||
| 504 | _a | ||
| 942 | _cBK | ||
| 999 |
_c8506 _d8506 |
||